|
|
|
|
| LEADER |
00000cam a2200000 a 4500 |
| 001 |
106912 |
| 005 |
20230308172338.0 |
| 008 |
008121|1999 ||||||||r|||||||||||spa|| |
| 020 |
|
|
|a 8480883545
|
| 040 |
|
|
|b spa
|
| 041 |
1 |
|
|a spa
|
| 082 |
0 |
|
|a 659.2
|
| 100 |
1 |
|
|a Fita Trias, Jaume
|9 65083
|
| 245 |
|
|
|a Comunicación en programas de crisis
|c Jaume Fita Trias
|h imp
|
| 264 |
|
|
|a México
|b Alfaomega
|c 1999
|
| 300 |
|
|
|a 217 páginas:
|c 23.5 cm
|
| 504 |
|
|
|a incl. ref.
|
| 650 |
1 |
|
|a Metodologia de la comunicacion
|9 65084
|
| 650 |
1 |
0 |
|a Relaciones públicas
|9 23385
|
| 650 |
1 |
|
|a Identidad
|9 1958
|
| 650 |
1 |
|
|a Imagen
|9 643
|
| 650 |
1 |
0 |
|a Comunicación interna
|9 1708
|
| 650 |
1 |
0 |
|a Comunicación
|9 328
|
| 852 |
|
|
|a UC-CDJBV
|c SEGUNDO PISO
|f Compra
|k alicia.criollo
|l 1
|m General
|p 20081212
|q 45,00
|r 2
|t 106912
|y 276840
|b 0
|d CDRC
|e CDRC
|g 659.2 SEGUNDO PISO
|z 2008-81-21
|
| 942 |
|
|
|c BK
|0 1
|
| 999 |
|
|
|c 39485
|d 39485
|